000 00617nam a2200205Ia 4500
003 GCL
008 140319s9999 xx 000 0 ara d
040 _aGCL /
_cGCL
082 0 4 _a944.083
_bش ف
100 1 _aاحمد عويدات
245 1 0 _aفرنسا جديدة فرنسا للجميع /
_cاحمد عويدات
700 1 _aشيراك، جاك
700 1 _aانطوان ا الهاشم
300 _a157 ص
490 _a
650 0 4 _aفرنسا , تاريخ , العصر الحديث
650 0 4 _aشيراك , جاك
650 0 4 _aالاحزاب السياسية - برامج
942 _2ddc
_cBK
999 _c48131
_d48131